Top 50 Countries by Lowest Obesity Rate - Statistics

General Stats
  • This quiz has been taken 71 times
  • The average score is 17 of 50
Answer Stats
# Starts
With
Answer Obese
%
% Correct
1 E Ethiopia 1.0
87%
6 J Japan 4.5
84%
3 V Vietnam 1.7
78%
5 R Rwanda 4.3
73%
21 Z Zimbabwe 7.7
71%
7 U Uganda 4.6
69%
19 Z Zambia 7.5
67%
4 E Eritrea 3.4
62%
8 N Niger 4.9
62%
10 I India 5.5
60%
11 L Laos 5.6
58%
12 S South Korea 5.9
56%
15 A Angola 6.8
51%
9 B Bangladesh 5.4
49%
33 K Kenya 10.8
49%
14 C China 6.5
47%
2 E East Timor 1.1
44%
20 M Malawi 7.6
42%
23 N Namibia 8.4
42%
17 N Nepal 7.2
40%
18 C Central African Republic 7.2
38%
22 E Equatorial Guinea 8.3
38%
24 M Mozambique 9.1
38%
13 S Senegal 6.4
36%
16 P Papua New Guinea 6.8
33%
28 A Afghanistan 10.3
31%
25 P Philippines 9.3
31%
27 P Pakistan 9.8
29%
29 S Sudan 10.3
29%
49 V Vanuatu 14.9
27%
34 R Romania 10.9
24%
30 I Italy 10.4
22%
50 G Ghana 15.0
18%
32 S Singapore 10.6
16%
26 S Sri Lanka 9.6
16%
36 B Bhutan 11.4
13%
37 L Lesotho 11.5
13%
38 T Thailand 11.6
13%
40 B Botswana 11.8
9%
42 B Bulgaria 13.3
9%
43 C Comoros 13.5
7%
35 S Switzerland 11.0
7%
47 C Cape Verde 14.3
4%
46 N Norway 14.0
4%
48 C Cyprus 14.6
2%
31 N North Macedonia 10.5
2%
39 S São Tomé and Príncipe 11.7
2%
44 T Tajikistan 13.5
2%
45 A Andorra 13.6
0%
41 S Solomon Islands 13.1
0%
No matching quizzes found
Score Distribution
Percent of People with Each Score
Percentile by Number Answered
Your Score History
You have not taken this quiz